Les aventures de Fort Boyard (1) - Statistiques

Statistiques générales
  • Ce quiz a été pris 28 fois
  • Le résultat moyen est 40 sur 85
Statistiques - réponses
Année Action Définition Initiale Réponse % Correct
1990 Ses fruits peuvent avoir une clef au coeur Végétal à tronc A L'{arbre} à clés
96%
1990 Lutte très libre Terre et eau B La lutte dans la {boue}
78%
1990 Lancer un obus à la main n'est pas si facile Pendule H L'{horloge} de la chapelle
78%
1990 Ca glisse mais lentement But de football C La {cage} télescopique
65%
1990 Illusion classique revisitée Du sexe féminin F La {femme} coupée
65%
1990 Récupérer une clef dans un alambic Ancien chimiste A L'{Alchimiste}
65%
1990 On ne met pas la main dans la gueule du loup mais pire Félin du fort T La tête de {tigre}
65%
1990 Que le plus fort gagne ! Membre supérieur B Le {Bras} de fer
65%
1990 Ah les noeuds marins ! Navigants M Le coffre des {marins}
61%
1990 Drôle de Louvre Exposition permanente M Le {musée} des horreurs
61%
1990 Un barbu, une énigme Gloire du fort F Le Père {Fouras}
61%
1990 Matriochkas originales Autrefois soviétiques R Les poupées {russes}
61%
1991 Pour qui sont ces *** qui sifflent Reptiles S La fosse aux {serpents}
57%
1994 Eviter de la voir décoller pour gagner Ariane par exemple F La {Fusée}
57%
1990 Difficile de se déplacer au plafond Savane touffue J La {Jungle}
57%
1993 Commence dehors H2O E La tête dans l'{eau}
57%
1990 L'invention de Dédale et dans le noir ! Privé de lumière O Le labyrinthe {obscur}
57%
1993 Trouver le mot Password P Le mot de {passe}
57%
1991 Mieux vaut aimer les mygales A 8 pattes A Les {Araignées}
57%
1990 Projectiles lourds parfois utiles Lancés par un canon B Les {Boulets}
57%
1990 Il faut y plonger jusqu'au coude au moins Grande cruche J Les {Jarres}
57%
1990 Tétris rustique Caillou P Les {pierres} empilées
57%
1990 Manger pour libérer ! Détenus P Les {Prisonniers}
57%
1990 Excellents réflexes indispensables Malfaiteur V Le {voleur} de clef
57%
1991 Il faut faire plus qu'Arthur Epée légendaire E {Excalibur}
52%
1992 Trouver la bonne clef avant d'être coincé Réduit R La cellule qui {rétrécit}
52%
1995 Faire réapparaitre une femme incomplète Chef T La femme sans {tête}
52%
1994 Une boule libère une clef Engin M La {machine} infernale
52%
1993 Se battre contre un cuisinier Stock R La {Réserve}
52%
1992 Ambiance explosive Petit tonneau B Le {Baril} de poudre
52%
1990 Il faut être bon tireur pour les crever De football ou de basket B Les {Ballons}
52%
1992 Chauffer pour donner une forme A B C D E... L Les {lettres} déformables
52%
1994 Comme au hockey Gâteau sec, rond et plat P Les {Palets}
52%
1990 Il faut aller plus vite que Charlot Contemporains M Les temps {modernes}
52%
1992 Pédaler pour accomplir le vieux rêve de l'homme Planant V L'homme {volant}
52%
1995 Décrocher des seaux en étant sur un tapis roulant... Habitat des pompiers C La {Caserne}
48%
1990 Mieux vaut être attentif Jeu de rue avec gobelets B Le {Bonneteau}
48%
1992 Pour les bons en maths Opération C Le {calcul} à la suite
48%
1993 Il lui manque des barreaux Satanique I L'echelle {infernale}
48%
1995 Escrime A ne pas confondre avec le corsaire P Le {Pirate}
48%
1991 On plonge dans le vide En caoutchouc E Le saut à l'{élastique}
48%
1995 Comme autrefois Équipement de plongée individuel à casque étanche S Le {scaphandre}
48%
1990 Une poutre, un adversaire et les... Bâtonnets d'hygiène C Les {Coton-tiges}
48%
1993 Ramper sur des gros tuyaux Rouleau C Les {Cylindres}
48%
1990 Mieux vaut ne pas vider les.. Appuis du cavalier E Les {Etriers}
48%
1991 Une épreuve pour Robin des Bois Discipline sportive T Le {tir} à l'arc
48%
1992 Un vrai travail de pêcheur Réseau de mailles F La barge et le {filet}
43%
1991 Il faut être trois pour manoeuvrer cette arme Vieille arme A L'{Arbalète}
43%
1995 Pour le remonter, il faut pédaler Monte-charge A L'{Ascenseur}
43%
1995 Vent force 8 Gros ventilateur S La {Soufflerie}
43%
1995 Il faut en avoir une bonne pour tenir sur celle-ci Pièce de vaisselle A L'{Assiette}
43%
1990 Tous ne servent pas à pêcher du poisson Ensemble de mailles F Le {filet} africain
43%
1995 Grimper à la force des bras Petit singe O Le {Ouistiti}
43%
1994 A 4 pattes au milieu de rongeurs Il progresse ventre au sol R Le {rampeur}
43%
1992 Celles-ci n'ont pas une forme de canard Flotteurs B Les {Bouées}
43%
1991 Buzy les a chantés Roues dentées E Les {engrenages}
43%
1990 Ho hisse ! Qui sont dehors E Les pierres {extérieures}
43%
1994 Dans le noir, il ne faut pas se laisser impressionner Spectres R Les {Revenants}
43%
1990 Et les candidats pompaient, pompaient... Source F Les trois {fontaines}
43%
1990 Ramper dans le tuyau permet de gagner Cristallin T Le tuyau {transparent}
43%
1991 Promenade pour une mygale Marchand V Le {vendeur} d'indices
43%
1990 Mieux vaut être bon pêcheur Barreaux entrecroisés G La clef sur la {grille}
39%
1991 Un câble, une descente... Câble T La {Tyrolienne}
39%
1991 Escalade du fort au programme Escalade V La {Varape}
39%
1990 Une étoile, une clef à récupérer au plafond Escarpolette B La {Balançoire}
35%
1993 Un labyrinthe géant et instable Agate ou calot B La boite à {bille}
35%
1990 Il faut tirer sur les bras pour avancer A éléments qui s'emboitent T La cage {télescopique}
35%
1992 Progresser de filet en filet est difficile Repaire A L'{Antre} filet
35%
1995 Tout est question d'équilibre Détermination du poids P La {Pesée}
35%
1994 Casser les boites pour obtenir la clef Brimades du nouveau B Le {Bizutage}
35%
1995 De quoi être tout retourné Appareil tournant autour d'un axe qui fournit une direction constante G Le {Gyroscope}
35%
1990 Un plan incliné à grimper Instable G Le mur {glissant}
35%
1990 Jeu de plage Silice S Le {Sable}
35%
1991 Comme il n'y a pas de pompe sur le fort, il faut progresser dans l'eau Tunnel S Le {Souterrain} inondé
35%
1992 Yeux bandés et prisonnier Masque le visage C La {cagoule}
30%
1995 Descendre comme des gravats Protège les pieds C La {Chaussette}
30%
1994 Homme fort contre candidat fort Treuil C Le {cabestan}
30%
1990 Il ne faut pas avoir peur de toucher Jeu de plein-air C Le {Colin-maillard}
30%
1992 Du plomb et un moule pour une lettre Maîtrise les métaux F Le {Fondeur} de lettres
30%
1991 Un télescope et une bonne vue sont indispensables Poste établi sur le littoral, permettant de communiquer par signaux optiques avec les navires S Le {sémaphore}
30%
1993 Grimper de maillon en maillon Les forçats avaient la leur C La {Chaîne}
26%
1990 Les petits pieds sont favorisés Partie saillante C La {Corniche}
26%
1990 Passer entre les fils demande de l'adresse Palais de Byzance T Le {Topkapi}
26%
1990 Trouver le plus court chemin Tuyauterie T La {Tubulure}
22%
1990 On y a tous joué mais pas en version géante Revêtement de sol en bois T Le {Parquet}
22%
Aucun quiz correspondant
Distribution des résultats
% des personnes avec chaque résultat
Percentile par nombre de réponses
Votre historique - résultats
Vous n’avez pas pris ce quiz